Consells per prevenir i actuar en cas d'incendi /
Descripción Física:
1 tríptic ; il. col. ; 15 x 15 cm
Idioma:
Catalán
MARC
| LEADER | 00000nam a22000007a 4500 | ||
|---|---|---|---|
| 001 | 27523 | ||
| 003 | Arxiu | ||
| 005 | 20260324181156.0 | ||
| 008 | 230314b spa||||| |||| 00| 0 cat d | ||
| 017 | |a B 18748-2022 | ||
| 040 | |a agdb |b cat | ||
| 041 | |a cat | ||
| 110 | |9 55974 |a Barcelona (Catalunya : Província). |b Servei Local de Teleassistència | ||
| 245 | |a Consells per prevenir i actuar en cas d'incendi / |c Diputació de Barcelona ; Bombers de la Generalitat de Catalunya | ||
| 260 | |a Barcelona : |b Diputació de Barcelona : |b Generalitat de Catalunya ; |c 2022 | ||
| 300 | |a 1 tríptic ; |b il. col. ; |c 15 x 15 cm | ||
| 500 | |a També en castellà (R. 27524) | ||
| 650 | 0 | |a Incendis |x Prevenció |9 49592 | |
| 650 | 0 | |9 54711 |a Habitatges |x Incendis i prevenció d'incendis | |
| 710 | 1 | |a Barcelona (Catalunya : Província). |b Diputació |9 52408 | |
| 710 | |9 52624 |a Catalunya. |b Departament d'Interior | ||
| 942 | |2 udc |c ARXIU |n 1 | ||
| 952 | |0 0 |1 0 |2 udc |4 0 |6 FU74150 |7 1 |9 65614 |a Arxiu |b Arxiu |d 2023-03-14 |l 0 |o FU-74-150 |p 27523 |r 2023-03-14 00:00:00 |w 2023-03-14 |y ARXIU | ||
| 999 | |c 83194 |d 83194 | ||